| 000 | 00917njm a22002897a 4500 | ||
|---|---|---|---|
| 005 | 2010091706206.0 | ||
| 007 | sd ammalaaahaa | ||
| 008 | 100913t xxu||||| |||| 00| 0 hin d | ||
| 028 |
_aECLP. 14608 _bHis Master's Voice |
||
| 035 | _aGR-03042 | ||
| 040 | _aSED/VEN | ||
| 100 | _919606 | ||
| 245 |
_aFaiz Ahmad Faiz-v. 2 part 1 & 2 / _h[sound recording] : |
||
| 246 | _aफैज़ अहमद फैज़-v. 2 | ||
| 260 |
_aDum Dum, India _bHis Master's Voice _c1977 |
||
| 300 |
_a1 sound disc [Gramophone record] : _banalog, 33. 1/3 rpm _c12 in. (LP) _fGramophone record |
||
| 500 | _aBrief record. | ||
| 500 | _aHis Master's Voice | ||
| 500 | _aOrange | ||
| 505 | _r | ||
| 650 |
_aModern _xExcerpts _zIndia _919607 _vInstrumentel |
||
| 700 | _920331 | ||
| 700 | _920425 | ||
| 700 | _920426 | ||
| 942 |
_2ddc _cGR |
||
| 999 |
_c46362 _d46362 |
||